An interpretation of the English Bible; vol. 1. (Record no. 642)

000 -LEADER
fixed length control field 00580nam a2200181 a 4500
001 - CONTROL NUMBER
control field :::00013798$&:&@@
003 - CONTROL NUMBER IDENTIFIER
control field OkBaRHE
005 - DATE AND TIME OF LATEST TRANSACTION
control field 20100324135101.0
008 - FIXED-LENGTH DATA ELEMENTS--GENERAL INFORMATION
fixed length control field s1986 j 000 0 eng u
040 ## - CATALOGING SOURCE
Transcribing agency
100 1# - MAIN ENTRY--PERSONAL NAME
Personal name Carroll, Benajah Harvey, 1843-1914.
245 13 - TITLE STATEMENT
Title An interpretation of the English Bible; vol. 1.
260 ## - PUBLICATION, DISTRIBUTION, ETC. (IMPRINT)
Place of publication, distribution, etc Grand Rapids, MI., :
Name of publisher, distributor, etc Baker Book House
Date of publication, distribution, etc 1986
300 ## - PHYSICAL DESCRIPTION
Extent v. (1-6).
650 ## - SUBJECT ADDED ENTRY--TOPICAL TERM
Topical term or geographic name as entry element Bible
General subdivision Extended Paraphrase
942 ## - ADDED ENTRY ELEMENTS (KOHA)
Source of classification or shelving scheme
Koha item type Books
Copies
Copy number Collection code Permanent Location Koha item type Date acquired Lost status Withdrawn status Source of classification or shelving scheme Not for loan Damaged status Barcode Date last seen Shelving location Full call number Price effective from
1ReferenceRHEMA Bible Training CollegeBooks2010-04-14     137982010-04-14General StacksBS 511 .C2522010-04-14